000 01224nam2a22002531 4500
001 RU\NLR\INFOCOMM18\1000033444
005 20250616233101.0
035 _a(NLR Aleph) 002280490
090 _a4037278
_c4037278
100 _a20031128d1927 |||y0rusy50 ca
101 0 _arus
102 _aRU
105 _ay |||||||||
200 1 _aИменное склонение в современном русском языке
_hВып.1
_fОбнорский, С.П.
210 _d1927
_aБ. м.
461 0 _1001RU\NLR\INFOCOMM18\1000033037
_12001#$aСборник Отделения русского языка и словесности Академии наук СССР$vТ.100, №3
_94033613
_aАН СССР. Отделение русского языка и словесности
_cЛ.
_d1867-1928
_tСборник Отделения русского языка и словесности Академии наук СССР
_vТ.100, №3
700 1 _4070
_7ca
_8rus
_aОбнорский
_bС. П.
_f1888-1962
_gСергей Петрович
_9189340
_3RU\NLR\AUTH\770189391
801 1 _aRU
_bInfoComm
_c20031128
801 0 _aRU
_bNLR
_gPSBO
852 _aNLR
_jП34/278
942 _cISSUE
980 _aNB
980 _aRUSPER